000 01087nam2a2200229 4500
001 rc\2655953
005 20260315043417.0
035 _a(NLR Aleph) 006963202
090 _a13564642
_c13564642
100 _a20110615d1930 u y0rusy50 ca
101 0 _arus
102 _aRU
105 _ay z |||||
200 1 _a1914-1917
210 _aМосква
_aЛенинград
_cГос. изд-во
_d1930
215 _aVIII, 752, [7] с.
461 0 _1001rc\2655934
_12001#$aИзбранные произведения$eВ 6-ти т. Т. 1-6$fПод общ. ред. В.В. Адоратского ... [и др.]$gИн-т Ленина при ЦК ВКП(б)$vТ. 3
_1700#1$aЛенин$bВ.И.$gВладимир Ильич$f1870-1924
_95365279
_aЛенин, В.И. (1870-1924)
_cМосква
_d1930-1938
_fПод общ. ред. В.В. Адоратского ... [и др.]
_nГос. изд-во
_oВ 6-ти т. Т. 1-6
_p6 т.
_tИзбранные произведения
_vТ. 3
801 0 _aRU
_bNLR
_gpsbo
801 1 _aRU
_bELAR
_2rusmarc
852 _aNLR
_bЛ
_j1-И/4(3-1)
942 _cUNSPEC
980 _aNB